Bài giảng logic học đại cương

Đã lưu trong:
Sonraí Bibleagrafaíochta
Príomhúdar: Nguyễn, Thanh Sơn
Formáid: Leabhar
Teanga:Undetermined
Foilsithe: Cần Thơ Bộ môn Mác-Lênin 2002
Ábhair:
Clibeanna: Cuir Clib Leis
Gan Chlibeanna, Bí ar an gcéad duine leis an taifead seo a chlibeáil!
Thư viện lưu trữ: Trung tâm Học liệu Trường Đại học Cần Thơ
LEADER 00502nam a2200169Ia 4500
001 CTU_51424
008 210402s9999 xx 000 0 und d
082 |a 160 
082 |b S464 
100 |a Nguyễn, Thanh Sơn 
245 0 |a Bài giảng logic học đại cương 
245 0 |c Nguyễn Thanh Sơn, Lê Ngọc Triết 
260 |a Cần Thơ 
260 |b Bộ môn Mác-Lênin 
260 |c 2002 
650 |a Logic 
980 |a Trung tâm Học liệu Trường Đại học Cần Thơ